<?xml version="1.0" encoding="UTF-8"?><collection xmlns="info:lc/xmlns/marcxchange-v2"><record format="Unimarc" type="bibliographic"><leader>00649cam  2200217   450 </leader><controlfield tag="001">1762803</controlfield><controlfield tag="003">http://id.bnportugal.gov.pt/bib/porbase/1762803</controlfield><controlfield tag="005">20030621132700.0</controlfield><datafield ind1=" " ind2=" " tag="010"><subfield code="a">90-277-2001-0</subfield></datafield><datafield ind1=" " ind2=" " tag="035"><subfield code="8">64974</subfield></datafield><datafield ind1=" " ind2=" " tag="095"><subfield code="a">PTBN00620613</subfield></datafield><datafield ind1=" " ind2=" " tag="100"><subfield code="a">19890317d1986    k  y0pory0103    ba</subfield></datafield><datafield ind1="0" ind2=" " tag="101"><subfield code="a">eng</subfield></datafield><datafield ind1=" " ind2=" " tag="102"><subfield code="a">NL</subfield></datafield><datafield ind1="1" ind2=" " tag="200"><subfield code="a">Nonlocal quantum field theory and stochastic quantum mechanics</subfield><subfield code="f">Khavtgain Namsrai</subfield></datafield><datafield ind1=" " ind2=" " tag="210"><subfield code="a">Dordrecht</subfield><subfield code="c">Reidel</subfield><subfield code="d">1986</subfield></datafield><datafield ind1=" " ind2=" " tag="215"><subfield code="a">XVII, 426 p</subfield></datafield><datafield ind1="2" ind2=" " tag="225"><subfield code="a">Fundamental theories of physics</subfield></datafield><datafield ind1=" " ind2=" " tag="675"><subfield code="a">530.145:531.19</subfield><subfield code="v">med</subfield><subfield code="z">por</subfield><subfield code="3">1418232</subfield></datafield><datafield ind1=" " ind2="1" tag="700"><subfield code="a">Namsrai</subfield><subfield code="b">Khavtgain</subfield><subfield code="3">188334</subfield></datafield><datafield ind1=" " ind2="0" tag="801"><subfield code="a">PT</subfield><subfield code="b">BN</subfield><subfield code="g">RPC</subfield></datafield><datafield ind1=" " ind2=" " tag="977"><subfield code="1">530.145 NAM</subfield><subfield code="2">coop</subfield><subfield code="4">UCDF</subfield><subfield code="6">mq1354996</subfield><subfield code="7">bc</subfield><subfield code="8">coop</subfield><subfield code="9">UCDF</subfield><subfield code="b">70540</subfield><subfield code="k">0</subfield></datafield><datafield ind1=" " ind2=" " tag="998"><subfield code="a">UCF1-169</subfield></datafield></record></collection>